Obras completas / (Record no. 69889)
[ view plain ]
| 000 -LEADER | |
|---|---|
| campo de control de longitud fija | 01019nam a2200253 i 4500 |
| 001 - NÚMERO DE CONTROL | |
| campo de control | 69889 |
| 003 - IDENTIFICADOR DE NÚMERO DE CONTROL | |
| campo de control | ES-MaACL |
| 005 - FECHA Y HORA DE LA ÚLTIMA TRANSACCIÓN | |
| campo de control | 20231220204006.0 |
| 007 - CAMPO FIJO DE DESCRIPCIÓN FÍSICA--INFORMACIÓN GENERAL | |
| campo de control de longitud fija | t| |
| 008 - DATOS DE LONGITUD FIJA--INFORMACIÓN GENERAL | |
| campo de control de longitud fija | 040713s1980 sp ac |||| |dspa d |
| 100 1# - ENTRADA PRINCIPAL--NOMBRE DE PERSONA | |
| Nombre de persona | García Lorca, Federico, |
| Fechas asociadas al nombre | 1898-1936 |
| 9 (RLIN) | 54853 |
| 245 10 - MENCIÓN DEL TÍTULO | |
| Título | Obras completas / |
| Mención de responsabilidad, etc. | Federico García Lorca ; recopilación, cronología, bibliografía y notas de Arturo del Hoyo. |
| 250 ## - MENCION DE EDICION | |
| Mención de edición | 21ª ed. |
| 260 ## - PUBLICACIÓN, DISTRIBUCIÓN, ETC. | |
| Lugar de publicación, distribución, etc. | [Madrid] : |
| Nombre del editor, distribuidor, etc. | Aguilar, |
| Fecha de publicación, distribución, etc. | 1980. |
| 300 ## - DESCRIPCIÓN FÍSICA | |
| Extensión | 2 v. ; |
| Dimensiones | 18 cm. |
| 490 1# - MENCIÓN DE SERIE | |
| Mención de serie | Obras eternas |
| 505 8# - NOTA DE CONTENIDO CON FORMATO | |
| Nota de contenido con formato | Contiene: I ; |
| Título | Verso. Prosa. Música. Dibujos / |
| Mención de responsabilidad | prólogo de Jorge Guillén - II. -- |
| Título | Teatro. Entrevistas y declaraciones. Cartas. Cronología. Bibliografía. Notas al texto / |
| Mención de responsabilidad | prólogo de Vicente Aleixandre |
| 700 1# - ENTRADA AGREGADA--NOMBRE PERSONAL | |
| Nombre de persona | Hoyo, Arturo del, |
| Fechas asociadas al nombre | 1917-2004 |
| 9 (RLIN) | 64424 |
| 700 1# - ENTRADA AGREGADA--NOMBRE PERSONAL | |
| Nombre de persona | Guillén, Jorge, |
| Fechas asociadas al nombre | 1893-1984 |
| 9 (RLIN) | 60765 |
| 700 1# - ENTRADA AGREGADA--NOMBRE PERSONAL | |
| Nombre de persona | Aleixandre, Vicente, |
| Fechas asociadas al nombre | 1898-1984 |
| 9 (RLIN) | 19688 |
| 830 0# - PUNTO DE ACCESO ADICIONAL DE SERIE-TÍTULO UNIFORME | |
| Título uniforme | Obras eternas |
| 9 (RLIN) | 183511 |
| 852 ## - LOCALIZACIÓN | |
| Ubicación | ES-MaACL |
| Número de control de estantería | L-7710-11 |
| Estatus retirado | Estado de pérdida | Estado de daño | No para préstamo | Biblioteca de origen | Biblioteca actual | Ubicación en estantería | Fecha de adquisición | Fuente de adquisición | Total de préstamos | Signatura topográfica completa | Código de barras | Visto por última vez | Precio de reemplazo | Tipo de ítem Koha |
|---|---|---|---|---|---|---|---|---|---|---|---|---|---|---|
| Biblioteca del Ateneo de Madrid | Biblioteca del Ateneo de Madrid | Depósito 2 | 17/01/2008 | L-7710-11 | 1073184 | 23/02/2023 | 23/02/2023 | Libro impreso |
